MARC

LEADER 00000nam0a2200000 4500
001 371726
005 20231102012416.0
035 |a (RuTPU)RU\TPU\retro\29136 
090 |a 371726 
100 |a 20221109d1978 km y0rusy50 ca 
101 0 |a rus 
102 |a RU 
105 |a a z 001zy 
200 1 |a Порошковая металлургия сталей и сплавов  |f Ж. И. Дзнеладзе, Р. П. Щеголева, Л. С. Голубева [и др.] 
210 |a Москва  |c Металлургия  |d 1978 
215 |a 264 с.  |c ил. 
320 |a Библиогр.: с. 254-262 
606 1 |a Порошковая металлургия  |2 stltpush  |3 (RuTPU)RU\TPU\subj\68694  |9 83870 
610 1 |a высоколегированные стали 
610 1 |a сплавы 
610 1 |a получение 
610 1 |a методы 
610 1 |a легированные порошки 
610 1 |a физические свойства 
610 1 |a технологические свойства 
610 1 |a спеченные сплавы 
610 1 |a спеченные стали 
610 1 |a микроструктура 
610 1 |a полуфабрикаты 
610 1 |a порошковые нержавеющие стали 
610 1 |a коррозионная стойкость 
610 1 |a применение 
675 |a 621.762  |v 4 
701 1 |a Дзнеладзе  |b Ж. И.  |g Жан Иосифович 
701 1 |a Щеголева  |b Р. П.  |g Раиса Петровна 
701 1 |a Голубева  |b Л. С.  |g Лидия Сергеевна 
701 1 |a Рабинович  |b Е. М.  |g Ефим Михайлович 
701 1 |a Борок  |b Б. А.  |g Борис Александрович 
801 1 |a RU  |b 63413507  |c 20221109 
942 |c BK